| 000 | 00615nam a2200217Ia 4500 | ||
|---|---|---|---|
| 005 | 20250425162518.0 | ||
| 008 | 250425s9999 xx 000 0 und d | ||
| 041 | _aspa | ||
| 043 | _aec | ||
| 082 | _a639.3 | ||
| 100 | _aCALDERON VELASQUEZ, JORGE | ||
| 245 | 0 | _aEN MEMORIA DE EDGAR ARELLANO M.: ONCE AÑOS DEDICADOS A LA INVESTIGACION Y DESARROLLO DE LA ACUICULTURA EN EL ECUADOR | |
| 250 | _aS.E | ||
| 260 |
_aEcuador _bESPOL. FIMCM. CENAIM _c1993 |
||
| 260 | _aGUAYAQUIL | ||
| 300 | _a231 | ||
| 650 | _aACUICULTURA | ||
| 650 | _aLARVAS DE CAMARON-CRIA Y DESARROLLO | ||
| 942 | _c01 | ||
| 010 | _a80436 | ||
| 999 |
_c230723 _d230723 |
||